[Event "Sheikh Russel GM 2021"]
[Site "Dhaka"]
[Date "2021.10.22"]
[Round "4.16"]
[White "Haznedaroglu, Kivanc"]
[Black "Mohammad Fahad, Rahman"]
[Result "1/2-1/2"]
[WhiteElo "2438"]
[BlackElo "2330"]
[Annotator "TA"]
[PlyCount "102"]
[EventDate "2021.10.19"]
[EventType "swiss"]
[EventCountry "BAN"]
[SourceTitle "playchess.com"]
[Source "ChessBase"]
[SourceQuality "1"]

{[%evp 9,102,23,23,21,29,6,13,0,26,1,17,18,37,37,78,64,110,127,108,60,107,72,133,118,188,127,125,100,114,112,120,17,18,10,12,26,16,11,67,68,51,33,55,-7,51,51,49,48,69,45,52,55,61,8,13,0,0,0,97,95,115,16,16,16,16,0,0,0,0,-8,0,0,0,0,0,0,0,0,0,0,0,0,0,0,0,0,0,0,0,0,0,0,0,0,0]} 1. d4 d5 2. c4 e6 3. Nc3 a6 4. cxd5 exd5 5. Bf4 Nf6 6. e3 {D31: Queen's Gambit Declined: Semi-Slav without ...Nf6 (+ Marshall Gambit and Noteboom) and Exchange Variation lines without ...Nf6.} Bd6 7. Bg3 {7.Bg5 is the modern continuation.} O-O 8. Bd3 c6 9. Qc2 Re8 10. Nge2 Bg4 11. Nf4 {[#]} c5 $146 ({Predecessor:} 11... Bxf4 12. Bxf4 Nbd7 13. O-O Nf8 14. Na4 Nh5 15. Be5 f6 16. Bg3 Nxg3 17. hxg3 Bh5 {1-0 (35) Miladinovic,I (2572)-Taieb,S (2117) Monastir 2013}) 12. dxc5 Bxc5 13. h3 Be6 14. Nxe6 Rxe6 15. Bf5 Re8 (15... Rc6 $142) 16. O-O-O $16 Be7 (16... d4 $16) 17. Nxd5 Nxd5 18. Bxh7+ Kh8 {...Nc6 is the strong threat.} 19. Be4 Nd7 20. Rxd5 (20. Bxd5 $16 Rc8 21. Bc4) 20... Rc8 $11 {[#]} 21. Rhd1 $1 Rxc2+ (21... Bf6 22. Rxd7) 22. Bxc2 Bf6 23. Rxd7 {[%mdl 64] Double Attack} Qb6 (23... Qa5 $11) 24. Bb3 $1 $14 Rc8+ 25. Kb1 a5 {Black wants to play ...a4!} 26. R1d5 (26. R7d2 $14) 26... Rc5 (26... g6 $11 27. Rd2 (27. Rxf7 Qc6 $11) 27... Qb4) 27. Rxc5 {[%mdl 64] [#] Overworked Piece} Qxc5 28. Rxb7 {And now a4 would win.} Qc6 29. Rxf7 Qxg2 {Strongly threatening ...Qf1+.} 30. Rf8+ Kh7 {aiming for ...Qf1+.} 31. Bc2+ (31. a3 $14 Qf1+ 32. Ka2) 31... g6 $11 {( -> ...Qh1+)} 32. a4 (32. a3 {keeps more tension.} Qh1+ 33. Ka2 Qc6 34. Bd1 a4 35. Bxa4 Qxa4 36. Rxf6 Qc4+ 37. Kb1) 32... Kg7 33. Rc8 Qxh3 (33... Qh1+ $11 {keeps the balance.} 34. Ka2 Qc1 35. Rc7+ Kh8 36. Rc8+ Kg7 37. Rc7+ Kh8 38. Rc8+ Kg7) 34. Rc7+ $16 Kh6 35. Bf4+ ({White should play} 35. Ka2 $16) 35... Bg5 $11 {The position is equal.} 36. Bxg5+ Kxg5 {[%mdl 4096] Endgame KQ-KRB} 37. Rc5+ Kh6 38. Bd3 Qf3 {Threatens to win with ...Qd1+.} 39. Ka2 Qxf2 40. Rc6 $1 Qxe3 41. Bxg6 Qd4 (41... Kg5 {keeps more tension.} 42. Bc2 Qe5 43. Bb3 Qd4 44. Rc1 Qa7) 42. Bc2+ Kg7 {Hoping for ...Qd5+.} (42... Kg5 {seems wilder.} 43. Bb3 Qe3 44. Be6 Qe5 45. Bb3 Qd4) 43. Bb3 Qb4 44. Rc4 Qd2 45. Re4 Kf6 46. Re6+ (46. Re8 {looks sharper.} Qd4 47. Rb8 Qd6 48. Rb5 Qc7 49. Rd5) 46... Kf5 47. Rb6 Ke5 48. Rb5+ Kf6 49. Bc4 Qc2 50. Bb3 Qd2 51. Bc4 Qc2 {Weighted Error Value: White=0.18/Black=0.17} 1/2-1/2

[Event "Sheikh Russel GM 2021"]
[Site "Dhaka"]
[Date "2021.10.22"]
[Round "4.17"]
[White "Harikrishnan.A.Ra"]
[Black "Sourath Biswas"]
[Result "1/2-1/2"]
[WhiteElo "2429"]
[BlackElo "2270"]
[Annotator "TA"]
[PlyCount "125"]
[EventDate "2021.10.19"]
[EventType "swiss"]
[EventCountry "BAN"]
[SourceTitle "playchess.com"]
[Source "ChessBase"]
[SourceQuality "1"]

{[%evp 18,125,79,68,93,72,107,86,85,77,109,100,100,110,112,81,112,106,118,22,24,-57,-62,-70,-62,-68,-72,-120,-47,-49,-24,-22,-27,-20,-19,-19,-22,-48,-44,-48,-48,-48,-49,-44,-48,-84,-83,-90,-66,-66,-66,-75,-75,-93,-83,-109,-94,-94,-80,-119,-105,-120,-120,-147,-145,-141,-142,-136,-80,-187,-187,-201,-175,-177,-182,-327,-328,-432,-385,-783,-1029,-1016,-935,-997,-878,-979,-838,-750,-568,-565,-565,-570,-570,-552,-552,-522,-522,-522,-481,-474,-467,-452,-15,-15,-15,-15,-15,-15,-15,-15]} 1. d4 Nf6 2. c4 g6 3. Nc3 Bg7 4. e4 d6 5. Nf3 O-O 6. Be2 e5 7. Be3 Nbd7 8. O-O Qe7 9. Qc2 c6 10. d5 c5 {10...Ne8 gains popularity. E94: King's Indian: Classical: 6 Be2 e5 7 0-0: Various Black 7th moves.} 11. Nd2 Kh8 {[#]} 12. Kh1 $146 ({Predecessor:} 12. a3 Ng8 13. b4 b6 14. b5 f5 15. f3 Ndf6 16. a4 f4 17. Bf2 g5 18. a5 {½-½ (72) Zhou,J (2630)-Jones,G (2647) Atlantic City 2016}) 12... Ng8 {White is better.} 13. g4 f5 14. exf5 gxf5 15. gxf5 Nh6 16. Bd3 Nf6 17. Bg5 Qf7 {[#]} 18. f4 (18. Rg1 $1 $16) 18... Qh5 $1 $11 19. fxe5 (19. Nde4 $11 Nxe4 20. Nxe4 Bxf5 21. Ng3 (21. Nxd6 Bh3 $11) 21... Bxd3 22. Qxd3 (22. Nxh5 $2 {perishes.} Bxc2 23. Nxg7 Kxg7 $19)) 19... Nfg4 $1 $15 {[%csl Gg4][%cal Rh5h2]} 20. Nde4 Bxe5 21. Bf4 Bxf5 22. Qd2 Bxe4+ (22... Qh3 $17 23. Rae1 Bg6) 23. Nxe4 ({Reject} 23. Bxe4 Qh4 $17) 23... Rxf4 (23... Nf5 {is interesting.} 24. Rae1 Qh4 25. Bg5 Qh3 26. Qg2 Qxg2+ 27. Kxg2 Nxh2 28. Rh1 Nd4) 24. Rxf4 {[#]} Nxh2 $1 25. Qxh2 Qxh2+ 26. Kxh2 {Raf1 is the strong threat.} Bxf4+ 27. Kg2 Rg8+ 28. Kf3 Be5 29. Rh1 Rf8+ 30. Ke2 Nf5 31. Rh3 Nd4+ 32. Ke3 Bf4+ 33. Kf2 h6 34. b3 Kg7 35. Ke1 Kf7 36. Nf2 Rg8 37. Kf1 Ke7 38. Be4 a6 39. Nd3 Bg5 40. Ne1 Rf8+ 41. Kg2 Ne2 {Strongly threatening ...Nf4+.} 42. Nd3 Nc3 (42... b5 $142 43. Rh1 Nc3) 43. Bf3 (43. Nxc5 $17 {was forced.} Bd2 44. Ne6 Nxe4 45. Nxf8 Kxf8 46. Rh2) 43... Nxa2 $19 44. Rh1 Nc3 45. Re1+ Kd7 46. b4 (46. Nf2 $142) 46... cxb4 47. c5 a5 48. cxd6 $2 {[#]} (48. Ra1 Rg8 49. Bg4+ Kc7 50. Rxa5) 48... Rxf3 $1 49. Kxf3 Kxd6 {[%mdl 4096] Endgame KRN-KBN} 50. Re6+ Kxd5 51. Rb6 Kc4 52. Ne5+ Kb3 53. Rxb7 {White hopes to continue with Nc6.} Ka2 54. Nc6 b3 55. Nxa5 b2 56. Nc4 b1=Q 57. Rxb1 Kxb1 ({Inferior is} 57... Nxb1 58. Kg4 $11) 58. Nd6 Nd5 59. Kg4 {intending Kh5.} Kc2 $2 (59... Bc1 $19 60. Kh5 Ne7) 60. Kh5 $1 $11 {The position is equal.} Nf4+ 61. Kg4 Kd3 {aiming for ...Nd5.} 62. Nf7 Ne6 63. Kh5 {Weighted Error Value: White=0.31/Black=0.24} 1/2-1/2

[Event "Sheikh Russel GM 2021"]
[Site "Dhaka"]
[Date "2021.10.22"]
[Round "4.18"]
[White "Mohammad Minhaz Uddin"]
[Black "Karpatchev, Aleksandr"]
[Result "1/2-1/2"]
[WhiteElo "2264"]
[BlackElo "2427"]
[Annotator "TA"]
[PlyCount "79"]
[EventDate "2021.10.19"]
[EventType "swiss"]
[EventCountry "BAN"]
[SourceTitle "playchess.com"]
[Source "ChessBase"]
[SourceQuality "1"]

{[%evp 11,79,0,0,4,8,4,11,0,0,0,4,2,9,-20,-20,-21,-19,-22,-27,-23,-16,-19,-10,-64,-22,-27,-18,-30,0,0,0,0,193,157,176,214,206,197,194,0,0,0,0,-41,-32,-55,-30,-14,-14,-20,-8,-10,0,0,0,0,0,-15,69,0,0,0,0,0,0,0,0,0,0,0]} 1. e4 {Postny,E} e5 2. Nf3 Nc6 3. Bb5 a6 4. Ba4 Nf6 5. Bxc6 dxc6 6. d3 Bd6 7. O-O {C77: Ruy Lopez: 3...a6 4 Ba4 Nf6, unusual lines.} O-O 8. Nbd2 {[%cal Bb1d2,Bd2f1,Bf1g3,Bg3e2,Be2c3,Bc3e4][%mdl 32]} Be6 {[#]} 9. Re1 $146 ({Predecessor:} 9. b3 Nd7 10. Bb2 b5 11. d4 f6 12. h3 c5 13. d5 Bf7 14. a4 Nb6 15. c4 c6 {½-½ (59) Nakamura,H (2708)-Carlsen,M (2810) Wijk aan Zee 2010 CBM 135 [Postny,E]}) 9... Nd7 10. Nf1 f6 11. Nh4 g6 12. Ng3 c5 13. Bh6 Rf7 14. Re3 Bf8 15. Bxf8 Qxf8 16. Ne2 Qh6 17. g3 (17. Nf3 $11) 17... g5 18. Ng2 f5 19. exf5 Rxf5 20. Nc3 Raf8 21. Ne4 Nf6 $2 {[#]} (21... b6 $11 {and Black is okay.}) 22. g4 $18 Rf4 23. Nxf4 exf4 24. Nxf6+ Qxf6 {[#]} 25. Rxe6 Qxe6 {[%mdl 4096] Endgame KQR-KQR} 26. Qf3 c6 27. h3 Re8 28. Kg2 Qe5 29. Qe4 Qxe4+ 30. dxe4 Rxe4 $11 {KR-KR} 31. Rd1 Re2 32. Rd8+ Kf7 33. Rd7+ $1 Ke6 34. Rxh7 b5 (34... Rxc2 $11 35. Rxb7 c4) 35. Rh6+ (35. Rh5 $14) 35... Kf7 $1 {The position is equal.} 36. c3 Rxb2 37. Rxc6 Rxa2 38. Rxc5 Kf6 39. Rc6+ Kf7 40. Rc7+ {Weighted Error Value: White=0.13/Black=0.21} 1/2-1/2

[Event "Sheikh Russel GM 2021"]
[Site "Dhaka"]
[Date "2021.10.22"]
[Round "4.19"]
[White "Abdisalimov, Abdimalik"]
[Black "Islam, Khandaker Aminul"]
[Result "1-0"]
[WhiteElo "2406"]
[BlackElo "2182"]
[Annotator "TA"]
[PlyCount "43"]
[EventDate "2021.10.19"]
[EventType "swiss"]
[EventCountry "BAN"]
[SourceTitle "playchess.com"]
[Source "ChessBase"]
[SourceQuality "1"]

{[%evp 9,43,32,36,15,48,53,47,44,67,39,48,56,96,77,156,116,102,120,253,93,750,680,746,713,735,729,733,716,698,652,575,575,640,572,29991,29992]} 1. d4 d5 2. c4 e6 3. Nf3 a6 4. cxd5 exd5 5. Nc3 c6 6. Qb3 {D31: Queen's Gambit Declined: Semi-Slav without ...Nf6 (+ Marshall Gambit and Noteboom) and Exchange Variation lines without ...Nf6.} Bd6 7. e4 dxe4 8. Nxe4 {Black must now prevent Bc4.White is slightly better.} Qe7 9. Qe3 (9. Nfg5 {with more complications.} Bb4+ 10. Bd2 Bxd2+ 11. Kxd2 Nh6 12. Re1) 9... Bb4+ 10. Bd2 {[#]} Bxd2+ $146 ({Predecessor:} 10... Be6 11. Bd3 Nd7 12. O-O Bxd2 13. Qxd2 Ngf6 14. Neg5 Nf8 15. Rfe1 h6 16. Ne4 Nxe4 17. Rxe4 {½-½ (34) Revilla Alvarez,A (2179)-Jimenez Arias,E (2174) Nueva Gerona 2009}) 11. Kxd2 {Threatens to win with Nd6+.} Kf8 (11... Be6 $142) 12. Bc4 {Strongly threatening Rae1.} Nd7 13. Rhe1 {Nd6! is the strong threat.} Ndf6 {[#]} (13... Nb6 $16 14. Bb3 Nd5 15. Bxd5 cxd5) 14. Nc5 $2 (14. Qf4 $1 $18 {is the precise move to win.}) 14... Qd8 {[%mdl 8192] [#]} (14... Qxe3+ $16 15. fxe3 (15. Rxe3 Ne7 $16) 15... b6) 15. Qa3 $1 $18 {[%cal Rc5d7]} Ne7 {[#]} 16. Rxe7 {[%mdl 576] Clearance} Qxe7 17. Re1 {Nd7+! would kill now.} Be6 18. Bxe6 Kg8 19. Bc4 Qd6 20. Nxb7 Qf4+ 21. Qe3 Qf5 {[#]} 22. Bxf7+ $1 {Weighted Error Value: White=0.30/Black=0.70} 1-0

[Event "Sheikh Russel GM 2021"]
[Site "Dhaka"]
[Date "2021.10.22"]
[Round "4.20"]
[White "Sacchu, Afzal Hossain"]
[Black "Karthikeyan, P.."]
[Result "0-1"]
[WhiteElo "2014"]
[BlackElo "2404"]
[Annotator "TA"]
[PlyCount "78"]
[EventDate "2021.10.19"]
[EventType "swiss"]
[EventCountry "BAN"]
[SourceTitle "playchess.com"]
[Source "ChessBase"]
[SourceQuality "1"]

{[%evp 13,78,-2,-4,-19,-20,-61,-80,-70,-86,-85,-82,-125,-109,-124,-109,-122,-114,-133,-120,-161,-161,-154,-156,-179,-130,-194,-141,-376,-316,-297,-141,-125,-132,-130,-133,-233,-226,-225,-222,-290,-267,-351,-363,-357,-358,-489,-391,-392,-394,-397,-401,-388,-388,-377,-358,-380,-388,-557,-560,-770,-673,-695,-649,-1056,-504,-946,-868]} 1. Nf3 Nf6 2. g3 d5 3. d4 c5 4. Bg2 cxd4 5. O-O h6 6. Nxd4 e5 7. Nb3 Nc6 8. Nc3 {[%cal Rc3d5] D02: 1 d4 d5 2 Nf3 sidelines, including 2...Nf6 3 g3 and 2...Nf6 3 Bf4.} Be6 9. e4 {[%cal Re4d5]} d4 10. Ne2 {Black is better.} a5 {[#]} 11. Nd2 $146 ({Predecessor:} 11. Bd2 Be7 12. Nbc1 O-O 13. Nd3 Rc8 14. a3 Nd7 15. f4 Bc4 16. Nec1 Nc5 17. Qf3 {1-0 (61) Yeremyan,A (2256)-Sargsyan,S (2596) Tornelo INT 2020}) 11... Bc5 12. h3 O-O 13. Kh2 d3 14. cxd3 Qxd3 15. f4 Rad8 16. fxe5 Nxe5 {Threatens to win with ...Bb4.} 17. Nf4 Qd6 18. Nxe6 Qxe6 19. Qb3 (19. Qe2 $17) 19... Qe7 ({Better is} 19... Qa6 $19 {White must now prevent ...Rd3.} 20. Nf3 Nd3) 20. Nc4 $2 (20. Nf3 $17 {is a better defense.}) 20... Rd3 $19 21. Qc2 {[#] aiming for Nxe5.} Rfd8 (21... Neg4+ $1 $19 {[%mdl 512] is more deadly.} 22. hxg4 Nxg4+ 23. Kh3 Qe6 $1) 22. Nxe5 $17 Qxe5 {[%mdl 64] Double Attack} 23. Bf4 {[#]} Qh5 {...b6 is the strong threat.} 24. Rae1 {[#]} (24. Kh1 $17 Nxe4 25. Bxe4) 24... Be3 $1 $19 {[%mdl 512]} 25. Qe2 Bxf4 26. Rxf4 {[#]} Qe5 27. Rf3 Rd2 {[%mdl 64] Double Attack} 28. Qf1 Qxb2 29. Kh1 Qe5 30. Qc4 b5 {[%cal Bb7b5,Bb5b4][%mdl 32]} 31. Qc3 Qxc3 32. Rxc3 Rxa2 33. e5 {[#]} b4 $1 34. Rc5 {[#]} Rdd2 $1 35. Rc8+ (35. Bf3 {keeps fighting.} Nd7 36. Rb5) 35... Kh7 {Black is clearly winning.} 36. Bc6 Nd5 37. Rd8 Nc3 38. Rf8 Re2 (38... b3 $142 39. Kg1 Ne2+ 40. Kf2 Nd4+ {[%mdl 64] Discovered Attack} 41. Ke3 Nxc6 42. Rxf7 Nxe5) 39. Rf1 (39. Rxe2 $142 Rxe2 40. Rb8) 39... Ne4 {Weighted Error Value: White=0.64/Black=0.33} 0-1

[Event "Sheikh Russel GM 2021"]
[Site "Dhaka"]
[Date "2021.10.22"]
[Round "4.21"]
[White "Deepan Chakkravarthy J."]
[Black "Subhayan Kundu"]
[Result "1-0"]
[WhiteElo "2535"]
[BlackElo "2329"]
[Annotator "TA"]
[PlyCount "103"]
[EventDate "2021.10.19"]
[EventType "swiss"]
[EventCountry "BAN"]
[SourceTitle "playchess.com"]
[Source "ChessBase"]
[SourceQuality "1"]

{[%evp 17,103,15,15,8,28,0,13,12,24,16,8,16,11,9,18,7,7,0,65,83,141,145,145,61,61,47,151,137,134,143,232,219,264,268,403,300,304,310,342,220,410,379,384,169,169,166,291,0,0,0,298,292,287,280,279,280,235,191,216,216,216,209,247,236,313,320,414,408,480,480,472,443,458,424,435,398,369,356,368,329,789,720,1609,925,29959,10461,29980,29981]} 1. c4 Nf6 2. Nf3 g6 3. g3 Bg7 4. Bg2 O-O 5. O-O c6 6. d4 d5 7. Qb3 dxc4 8. Qxc4 Bf5 {8...b5 is a critical line.} 9. Nc3 Nbd7 10. Bf4 {D78: Fianchetto Grünfeld: 6 0-0 c6.} Ne4 {[#]} 11. e3 $146 ({Predecessor:} 11. Rfd1 Nb6 12. Qb3 Nxc3 13. bxc3 Qd5 14. Nd2 Qa5 15. Nc4 Nxc4 16. Qxc4 e5 17. Be3 {½-½ (17) Van Wely,L (2691)-Jankovic,A (2543) Aix les Bains 2012}) 11... h6 12. h4 {The position is equal.} Qa5 13. Rfc1 Rac8 14. b4 Qa3 15. Nxe4 Bxe4 16. Nd2 Bxg2 17. Kxg2 c5 (17... a5 $11) 18. bxc5 $14 e5 ({Black should play} 18... Nxc5 19. dxc5 Bxa1) 19. Bxe5 $16 Bxe5 20. dxe5 (20. Qd5 $16) 20... Rxc5 $14 21. Qb3 Qa6 (21... Qxb3 $14 22. Nxb3 (22. axb3 Rxc1 23. Rxc1 Nxe5 $16) 22... Rxc1 23. Rxc1 Nxe5) 22. Rxc5 $16 Nxc5 23. Qd5 Ne6 (23... Qd3 $16 {keeps fighting.} 24. Qxc5 Qxd2 25. Qxa7 Qd5+ 26. Kg1 Qxe5) 24. Ne4 $18 Rc8 25. Rb1 Rc7 (25... Nd8 {is a better defense.} 26. Nd6 Qc6 27. Qxc6 Rxc6 28. Nxb7 Nxb7) 26. Nd6 b6 27. h5 gxh5 28. Ne8 Rc2 (28... Rc5 29. Nf6+ {[%mdl 64] Double Attack} Kg7 30. Nxh5+ Kg8 31. Nf6+ Kg7 32. Nh5+ Kg8) 29. Nf6+ Kf8 30. Qd6+ (30. Qe4 $142 Qc4 31. Qh7 (31. Qa8+ Qc8 $16) 31... Qc6+ 32. Kg1) 30... Kg7 31. Nxh5+ Kh8 (31... Kh7 $142) 32. Qb8+ Rc8 33. Qd6 Rc2 {intending ...Rxf2+. White now steadily converts the win.} 34. Qd5 {[#] Black must now prevent Qf3.} Qc4 35. Qa8+ Qc8 36. Qxc8+ Rxc8 {[%mdl 4096] Endgame KRN-KRN} 37. Nf4 Rc2 38. Nxe6 fxe6 {KR-KR} 39. a4 Ra2 40. Rb4 Kg7 41. g4 Kg6 42. Kg3 h5 43. gxh5+ Kxh5 44. Rd4 Kg6 45. f4 Ra1 46. Kf3 Rf1+ 47. Ke2 Ra1 {[#]} 48. e4 Kh5 $2 (48... a5 49. Rc4 Ra3) 49. f5 exf5 50. exf5 Kg5 51. f6 {White threatens f7 and mate.} Kg6 52. Rf4 {Weighted Error Value: White=0.28/Black=0.76} 1-0

[Event "Sheikh Russel GM 2021"]
[Site "Dhaka"]
[Date "2021.10.22"]
[Round "4.22"]
[White "Visakh N R"]
[Black "Subrota, Biswas"]
[Result "1-0"]
[WhiteElo "2515"]
[BlackElo "2248"]
[Annotator "TA"]
[PlyCount "53"]
[EventDate "2021.10.19"]
[EventType "swiss"]
[EventCountry "BAN"]
[SourceTitle "playchess.com"]
[Source "ChessBase"]
[SourceQuality "1"]

{[%evp 9,53,18,34,8,8,-16,-24,-54,38,35,31,43,36,38,49,44,48,47,54,52,65,39,87,58,91,40,133,54,199,198,262,261,259,255,258,254,252,177,301,321,311,307,297,292,523,503]} 1. d4 d5 2. c4 c6 3. Nf3 Nf6 4. e3 e6 5. b3 {[%cal Bb2b3,Bb3b4][%mdl 32]} Ne4 6. Bb2 {D30: Queen's Gambit Declined: Systems without Nc3.} Bb4+ 7. Nbd2 Qf6 $1 {[#] Hoping for ...Bxd2+.} 8. Qe2 {Black has an edge.} Nd7 ({Black should play} 8... dxc4 $1 $15 9. Ba3 Bxa3 10. Nxe4 Qg6) 9. a3 $14 {[#]} Ba5 $146 ({Predecessor:} 9... Nc3 10. Qd3 dxc4 11. Qxc4 Bxa3 12. Bxa3 Nb5 13. Bb4 Nb6 14. Qc2 Bd7 15. Ne4 Qd8 16. Bxb5 {1-0 (16) Greifzu,K-Dittmar,L (1425) Bad Homburg 2011}) 10. b4 Bc7 11. g3 Qh6 12. Bg2 f5 13. Ne5 Nxe5 14. dxe5 O-O 15. Nb3 b6 16. O-O Bb7 17. Rfc1 (17. cxd5 $16 {Strongly threatening d6.} exd5 18. f3) 17... Rac8 (17... dxc4 $14 18. Qxc4 Rad8) 18. c5 ({White should try} 18. cxd5 $16 cxd5 19. a4) 18... g6 {Black cannot hold the game after this.} ({Better is} 18... bxc5 $14 19. Nxc5 Nxc5 20. bxc5 (20. Rxc5 g5 $11) 20... Ra8) 19. a4 $18 {[%cal Ba3a4,Ba4a5,Ba5b6][%mdl 32]} Qg7 (19... Rfe8 $142 20. cxb6 axb6) 20. f3 Ng5 21. cxb6 axb6 22. a5 Qe7 23. Qd2 Ra8 {[#]} (23... Rfe8 $142 24. a6 Ba8) 24. Bd4 $1 Qd8 25. h4 Nf7 26. f4 Ba6 $2 (26... Rb8 27. a6 Ba8) 27. axb6 {Weighted Error Value: White=0.13/Black=0.48} 1-0

[Event "Sheikh Russel GM 2021"]
[Site "Dhaka"]
[Date "2021.10.22"]
[Round "4.23"]
[White "Abdyjapar, Asyl"]
[Black "Savchenko, Stanislav"]
[Result "0-1"]
[WhiteElo "2391"]
[BlackElo "2473"]
[Annotator "TA"]
[PlyCount "80"]
[EventDate "2021.10.19"]
[EventType "swiss"]
[EventCountry "BAN"]
[SourceTitle "playchess.com"]
[Source "ChessBase"]
[SourceQuality "1"]

{[%evp 9,80,26,31,18,19,-12,-12,-15,-21,-4,-14,-20,-17,-12,-9,-20,-16,-20,-8,-18,1,0,0,-6,0,0,12,0,0,0,0,0,0,0,71,0,20,-67,-108,-110,-132,-144,-125,-118,-112,-167,-146,-233,-250,-246,-248,-481,-479,-471,-451,-479,-485,-435,-283,-520,-487,-798,-841,-833,-816,-813,-800,-923,-917,-883,-857,-800,-797]} 1. c4 e5 2. g3 Nc6 3. Bg2 Bc5 4. Nc3 a6 5. e3 d6 6. Nge2 {A25: English Opening vs King's Indian with ...Nc6 but without early d3.} Ba7 7. O-O h5 8. h3 {The position is equal.} h4 9. g4 f5 10. gxf5 Bxf5 11. d4 Qd7 12. Kh2 Nf6 13. d5 Nd8 {[#]} 14. e4 $146 {[%cal Re4f5]} ({Predecessor:} 14. f4 e4 15. Nd4 g6 16. b3 c5 17. dxc6 bxc6 18. Bb2 Kf7 19. Qd2 Nb7 20. Rad1 {0-1 (35) Grujic,Z (2335)-Stocko,J (2281) Kovacica 2019}) 14... Bg6 15. f4 Nf7 16. f5 Bh5 17. Qd3 $1 Qe7 18. b4 g6 19. fxg6 Bxg6 20. Be3 Bxe3 21. Qxe3 Nh5 (21... Nd7 $11 {remains equal.}) 22. c5 ({Better is} 22. Rg1 $16) 22... Qg5 $11 23. Qxg5 (23. Qf2 $11) 23... Nxg5 $15 {Black keeps a firm grip on the game.} 24. a4 b6 {[%cal Bb7b6,Bb6b5][%mdl 32]} 25. Rac1 Kd7 26. a5 {[#]} b5 27. Nb1 (27. Nd1 $17 {was necessary.}) 27... Nxe4 ({And not} 27... Bxe4 28. Bxe4 Nxe4 29. Rf7+ Kd8 30. cxd6 $15) 28. Bxe4 (28. cxd6 $17 cxd6 29. Bxe4 Bxe4 30. Rf7+ Ke8 31. Rcc7) 28... Bxe4 $19 29. Rf7+ Ke8 30. Rxc7 (30. Rf2) 30... Rg8 {[#] ( -> ...Rg2+)} 31. Rg1 Rxg1 32. Kxg1 Bxb1 33. cxd6 Rd8 34. Rc6 $2 (34. Re7+ {was the only chance.} Kf8 35. Re6) 34... Bd3 {Black is clearly winning.} 35. Nc1 (35. Kf2 $142 Kd7 36. Rxa6) 35... Bc4 36. Rxa6 Kd7 37. Kf2 Nf4 38. Ke3 Nxd5+ 39. Ke4 Nxb4 40. Rb6 Ke6 {Weighted Error Value: White=0.39/Black=0.11} 0-1

[Event "Sheikh Russel GM 2021"]
[Site "Dhaka"]
[Date "2021.10.22"]
[Round "4.24"]
[White "Girinath, P.D.S."]
[Black "Vignesh N R"]
[Result "0-1"]
[WhiteElo "2335"]
[BlackElo "2453"]
[Annotator "TA"]
[PlyCount "52"]
[EventDate "2021.10.19"]
[EventType "swiss"]
[EventCountry "BAN"]
[SourceTitle "playchess.com"]
[Source "ChessBase"]
[SourceQuality "1"]

{[%evp 15,52,0,0,-1,0,0,0,0,2,0,0,0,17,0,0,0,14,0,26,0,0,-5,-10,-50,-47,-50,-41,-46,-45,-48,-58,-476,-470,-487,-482,-452,-442,-29978,-29979]} 1. e4 e5 2. Nf3 Nc6 3. Bc4 Bc5 4. b4 Bxb4 5. c3 Be7 6. d4 Na5 7. Nxe5 Nxc4 8. Nxc4 d5 9. exd5 {C51: Evans Gambit: Declined and Accepted without 5...Ba5.} Nf6 10. Qa4+ Bd7 11. Qb3 {The position is equal.} O-O 12. Ne3 {[#]} Re8 $146 ({Predecessor:} 12... b5 13. O-O a5 14. Re1 Bd6 15. a4 bxa4 16. Qc2 Re8 17. c4 Ng4 18. h3 Qh4 {1-0 (39) Richards,H (2197)-Borosova,Z (2249) Mallorca 2004}) 13. O-O Bd6 14. Nd2 {[%cal Bb1d2,Bd2f3,Bf3e5,Be5c6,Bc6a5][%mdl 32]} Ng4 15. Nf3 b5 16. Re1 a6 17. Bd2 Nxe3 18. Bxe3 Bf5 19. Ne5 f6 {[%mdl 1024] Black has compensation.} 20. Nc6 Qd7 21. f3 Bd3 22. Na5 $1 Qf5 23. c4 $2 {[%mdl 8192] [#] Now White is beyond hope.} (23. h3 $15) 23... Bxh2+ $1 $19 {[%mdl 512]} 24. Kxh2 {[#] Black must now prevent Bf2.} Rxe3 {[%mdl 512]} 25. Kg1 Qf4 {aiming for ...Rxe1+.} 26. c5 (26. Qc3 $19 Rae8 27. Rxe3 Qxe3+ 28. Kh1) 26... Rxe1+ {Weighted Error Value: White=0.73/Black=0.02} 0-1

[Event "Sheikh Russel GM 2021"]
[Site "Dhaka"]
[Date "2021.10.23"]
[Round "5.1"]
[White "Asadli, Vugar"]
[Black "Narayanan, Srinath"]
[Result "1/2-1/2"]
[WhiteElo "2585"]
[BlackElo "2540"]
[Annotator "TA"]
[PlyCount "31"]
[EventDate "2021.10.19"]
[EventType "swiss"]
[EventCountry "BAN"]
[SourceTitle "playchess.com"]
[Source "ChessBase"]
[SourceQuality "1"]

{[%evp 9,31,10,11,14,8,6,23,11,26,5,18,0,7,0,17,6,9,5,0,-10,-9,-2,-5,-10]} 1. e4 e5 2. Nf3 Nf6 3. Nxe5 d6 4. Nf3 Nxe4 5. c4 Nc6 6. d3 {C42: Petroff Defence: 3 Nxe5 and unusual White 3rd moves.} Nf6 7. d4 g6 8. d5 {White has an edge.} Ne7 9. h3 Bg7 {The position is equal.} 10. Nc3 {[#]} O-O $146 ({Predecessor:} 10... c6 11. dxc6 bxc6 12. Bf4 d5 13. Be5 O-O 14. g4 c5 15. Bg2 Ba6 16. Nd2 Nc6 17. Bxf6 {½-½ (41) Musalov,R (2313)-Ponkratov,P (2155) Biel 2001}) 11. Be2 c6 12. dxc6 bxc6 13. O-O d5 14. Be3 Nf5 15. Bc5 Re8 16. cxd5 {Not much happened in this game.  Weighted Error Value: White=0.04/Black=0.03} 1/2-1/2